| 000 | 00558nam a22002177a 4500 | ||
|---|---|---|---|
| 003 | OSt | ||
| 005 | 20260502121707.0 | ||
| 008 | 260502b |||||||| |||| 00| 0 eng d | ||
| 020 | _a978-93-5549-814-4 | ||
| 040 | _cSBCL | ||
| 082 |
_a894.8123 _bJOS-C |
||
| 100 | _aJose, Lajo | ||
| 245 | _aCoffee House | ||
| 250 | _a15th ed. | ||
| 260 |
_aKozhikode _bMathrubhumi Books _c2026 |
||
| 300 | _a158p. | ||
| 630 | _xLiterature & rhetoric | ||
| 650 | _aLiteratures of other languages | ||
| 650 | _aAltaic, Uralic, Hyperborean & Dravidian | ||
| 942 | _cBOOK | ||
| 999 |
_c138120 _d138120 |
||